[Event "GER-chT Lands U20"]
[Site "Verden an der Aller"]
[Date "2007.09.29"]
[Round "1.7"]
[White "Marquardt, Patrick"]
[Black "Urban, Lars"]
[Result "1-0"]
[WhiteElo "1768"]
[BlackElo "1467"]
[PlyCount "103"]
[EventDate "2007.09.29"]
[EventType "team-swiss"]
[EventRounds "7"]
[EventCountry "GER"]
[SourceTitle "CBM 120 Extra"]
[Source "ChessBase"]
[SourceDate "2007.11.01"]
[SourceVersion "1"]
[SourceVersionDate "2007.11.01"]
[SourceQuality "1"]
[WhiteTeam "Wuerttemberg"]
[BlackTeam "Thueringen"]
[WhiteTeamCountry "GER"]
[BlackTeamCountry "GER"]

1. e4 e6 2. d4 d5 3. e5 c5 4. c3 Nc6 5. Nf3 Bd7 6. Bd3 Qb6 7. 0-0 cxd4 8. cxd4 Nxd4 9. Nxd4 Qxd4 10. Qe2 Ne7 11. Kh1 Nc6 12. f4 Nb4 13. Bb5 a6 14. Bxd7+ Kxd7 15. Nc3 Qd3 16. Rd1 Qxe2 17. Nxe2 Rc8 18. Nc3 b5 19. a3 Nc6 20. Be3 Na5 21. Bg1 Nc4 22. b4 Be7 23. Ne4 Rc6 24. Bc5 Rhc8 25. Bxe7 Kxe7 26. Nc5 a5 27. Nb3 a4 28. Nd4 Rb6 29. Rac1 Kd7 30. Rc3 Kc7 31. g4 Kd7 32. Rf1 Nd2 33. Rxc8 Kxc8 34. Rc1+ Nc4 35. Rc3 Kb7 36. g5 Ka6 37. Rh3 Rb7 38. Nc2 Rc7 39. Rxh7 Nxa3 40. Nxa3 Rc3 41. Rxg7 Rxa3 42. Rxf7 Rc3 43. Rf8 a3 44. Ra8+ Kb7 45. g6 Rc7 46. Rxa3 Rg7 47. Rg3 Kc6 48. h4 d4 49. h5 Kd7 50. h6 Rg8 51. g7 Ke7 52. h7 1-0

[Event "GER-ch U12"]
[Site "Willingen"]
[Date "2007.05.28"]
[Round "5"]
[White "Powierski, Emil"]
[Black "Marquardt, Patrick"]
[Result "0-1"]
[WhiteElo "1347"]
[BlackElo "1757"]
[PlyCount "96"]
[EventDate "2007.05.26"]
[EventType "swiss"]
[EventRounds "11"]
[EventCountry "GER"]
[SourceTitle "CBM 118 Extra"]
[Source "ChessBase"]
[SourceDate "2007.07.04"]
[SourceVersion "1"]
[SourceVersionDate "2007.07.04"]
[SourceQuality "1"]

1. e4 c5 2. Nf3 a6 3. c4 d6 4. d4 cxd4 5. Nxd4 Nf6 6. Nc3 e6 7. Be2 Be7 8. 0-0 0-0 9. Be3 Qc7 10. Rc1 b6 11. f3 Bb7 12. Qd2 Nbd7 13. Rfd1 Rac8 14. Nc2 Qb8 15. Bf4 Ne5 16. b3 Kh8 17. Qe1 Rg8 18. Qf2 b5 19. Ne3 bxc4 20. Nxc4 Nxc4 21. Bxc4 g5 22. Be3 g4 23. Kh1 gxf3 24. gxf3 Qa8 25. Qc2 d5 26. exd5 exd5 27. Be2 d4 28. Rg1 Bxf3+ 29. Bxf3 Qxf3+ 30. Rg2 Rxc3 31. Qb2 Rxc1+ 32. Bg1 Rxg1+ 33. Kxg1 Rxg2+ 34. Qxg2 Qxg2+ 35. Kxg2 d3 36. Kf2 d2 37. Ke2 Ne4 38. a4 Bb4 39. Kd1 Nf2+ 40. Ke2 d1Q+ 41. Kxf2 Qe1+ 42. Kf3 Kg7 43. Kf4 Qe2 44. Kf5 Qe3 45. Kg4 Kg6 46. h4 Bd6 47. h5+ Kf6 48. h6 Qg3+ 0-1